The noble scholar, jurist, historian


 His Excellency Dr. Abdul Wahhab bin Ibrahim Abu Sulaiman, may Allah have mercy on him.


 He was born in Umm Al-Qura in the year 1356 AH.

الحاشية الثانية على الجواهر المنتظمات في عقود المقولات : (Record no. 1927)

MARC details
000 -LEADER
fixed length control field 01479cam a22002531i 4500
003 - CONTROL NUMBER IDENTIFIER
control field OSt
005 - DATE AND TIME OF LATEST TRANSACTION
control field 20241030133240.0
008 - FIXED-LENGTH DATA ELEMENTS--GENERAL INFORMATION
fixed length control field 241029s2015 le g 000 0 ara c
040 ## - CATALOGING SOURCE
Original cataloging agency SA-JeALM
Language of cataloging ara
Transcribing agency SA-RiAUC
Description conventions rda
082 04 - DEWEY DECIMAL CLASSIFICATION NUMBER
Classification number 160.89927
Assigning agency SA-RiAUC
090 ## - LOCALLY ASSIGNED LC-TYPE CALL NUMBER (OCLC); LOCAL CALL NUMBER (RLIN)
Classification number (OCLC) (R) ; Classification number, CALL (RLIN) (NR) 160.89927
Local cutter number (OCLC) ; Book number/undivided call number, CALL (RLIN) م خ ل
100 1# - MAIN ENTRY--PERSONAL NAME
Personal name مخلوف، محمد حسنين بن محمد مخلوف،
Dates associated with a name 1861-1936
Relator term مؤلف.
245 12 - TITLE STATEMENT
Title الحاشية الثانية على الجواهر المنتظمات في عقود المقولات :
Remainder of title وهو شرح نظم المقولات العشر كلاهما للعلامة الشيخ أحمد السجاعي رحمه الله المتوفي 1197 هجري /
Statement of responsibility, etc. حضرة صاحب الفضيلة الأستاذ الكبير محمد حسنين مخلوف العدوي المالكي وكيل مشيخة الأزهر الشريف سابقا رحمه الله المتوفي 1355 هجريا.
250 ## - EDITION STATEMENT
Edition statement الطبعة الثالثة
264 #1 - PRODUCTION, PUBLICATION, DISTRIBUTION, MANUFACTURE, AND COPYRIGHT NOTICE
Place of production, publication, distribution, manufacture القاهرة :
Name of producer, publisher, distributor, manufacturer مطبعة مصطفى البابي الحلبي.
Date of production, publication, distribution, manufacture, or copyright notice 1971
300 ## - PHYSICAL DESCRIPTION
Extent 160 صفحة ؛
Dimensions 24 × 17 سم
336 ## - CONTENT TYPE
Content type term نص
Content type code txt
Source rdacontent
Materials specified كتاب
337 ## - MEDIA TYPE
Media type term بدون وسيط
Media type code n
Source rdamedia
338 ## - CARRIER TYPE
Carrier type term مجلد
Carrier type code nc
Source rdacarrier
650 #7 - SUBJECT ADDED ENTRY--TOPICAL TERM
Topical term or geographic name entry element المنطق عند العرب
Source of heading or term aucsh
700 12 - ADDED ENTRY--PERSONAL NAME
Relationship information شرح لـ (عمل) :
Personal name السجاعي، أحمد بن أحمد بن محمد،
Dates associated with a name توفي 1197 هجري
Title of a work المقولات العشر.
942 ## - ADDED ENTRY ELEMENTS (KOHA)
Source of classification or shelving scheme Dewey Decimal Classification
Koha item type Books
Suppress in OPAC No
949 ## - LOCAL PROCESSING INFORMATION (OCLC)
a SA-JeALM
d 241029
u khaled123
n 1
Holdings
Withdrawn status Lost status Source of classification or shelving scheme Damaged status Not for loan Home library Current library Date acquired Total checkouts Full call number Barcode Date last seen Price effective from Koha item type
    Dewey Decimal Classification     DR AbdElwahab Library DR AbdElwahab Library 10/30/2024   160.89927 م خ ل 000002846 10/30/2024 10/30/2024 Books